LEADER 01144nam a2200241 a 4500 001 000000113101 003 CaOOAMICUS 005 20080731155204.0 008 080731s2008 it m u000 u ita d 040 $aPUU$bita$des$dPUL$dLDB 100 1 $aSong, Tae-Il $q(Anselmo).$0(OLS)http://pul/name/69728 245 13$aIl significato dell'espressione "camminare 'nsh con Dio" e la sua funzione secondo la formula di Mi 6,6-8 /$cSong Tae-II (Anselmo) 260 $aRomae :$b[s.n.],$c2008. 300 $a86 p. ;$c24 cm 500 $aEstratto da dissertazione: Thesis (Theol. D.) - Pont. Univ. Urbaniana - Roma, 2008 500 $aTit. in parte traslitterato dall'ebraico 504 $aBibliografia: p. 59-84 630 04$aBiblia.$pV.T.$pMichaeas$xCommenti.$0(OLS)http://pul/subject/630 850 $aPUL 852 $aPUL$W1$xDP1 Tesi Pon. Univ. Urbaniana$y49$m2008 B 9$j129225$qTesi$B128344$CPULBib$Z2$F128344 $82 941 1 $a16 996 $6245$aIl significato dell'espressione "camminare 'nsh con Dio" e la sua funzione secondo la formula di Mi 6,6-8$9(OLS)http://pul/title/142126 996 $6260$aRomae :$b[s.n.]$9(OLS)http://pul/publisher/48223 LEADER 01502nam a2200349 a 4500 001 000000123381 003 CaOOAMICUS 005 20101014150804.0 008 101014s2003 it u000 u ita r 020 $a88-339-0777-5 040 $aPUL$bita 041 1 $aita$heng 082 04$a303.483 100 1 $aPostman, Neil.$0(OLS)http://pul/name/77672 240 10$aTechnopoly.$lItaliano.$0(OLS)http://pul/title/155500 245 10$aTechnopoly :$bla resa della cultura alla tecnologia /$cNeil Postman. 260 $aTorino :$bBollati Boringhieri,$cristampa 2003. 300 $a191 p. ;$c22 cm. 490 1 $aSaggi. Storia, filosofia e scienze sociali 504 $aInclude riferimenti bibliografici. 650 4$aTecnologia e società.$0(OLS)http://pul/subject/27591 650 4$aModernismo.$0(OLS)http://pul/subject/4140 700 1 $aMinucci, Sergio.$0(OLS)http://pul/name/64548 830 0$aSaggi.$pStoria, filosofia e scienze sociali.$0(OLS)http://pul/title/131434 850 $aPUL 852 $aPUL$W1$xSL Diritto e Scienze Sociali 3$y79$m303. 483 POSNE 1$j142010$qDDC 21$q $B140974$CPULBib$Z2$F140974 $H114899 $81 941 1 $a9 996 $6020$a88-339-0777-5$9(OLS)http://pul/number/145646 996 $6082$a303.483$9(OLS)http://pul/classification/1688 996 $6245$aTechnopoly :$bla resa della cultura alla tecnologia$9(OLS)http://pul/title/155501 996 $6260$aTorino :$bBollati Boringhieri$9(OLS)http://pul/publisher/47883